More modern short stories for students of english

Salvato in:
Dettagli Bibliografici
Autore principale: Taylor Peter J W, ed (Autore)
Natura: Libro
Lingua:inglese
Pubblicazione: Oxford Oxford University Press 1994
Soggetti:
Tags: Aggiungi Tag
Nessun Tag, puoi essere il primo ad aggiungerne!!

MARC

LEADER 00000nam a2200000 a 4500
001 UCR6153
003 CL-VaPUC
008 980420e19940000UK |||||||||||||||||eng|d
082 0 4 |a 823  |b TAY  |2 21 
100 0 |a Taylor Peter J W, ed  |e author  |9 407327 
245 1 0 |a More modern short stories for students of english 
300 |a 130 p 
942 |c BK 
945 |d 19980420 00:00:00  |a rbrito 
260 |a Oxford  |b Oxford University Press  |c 1994 
650 0 |a Cuentos ingleses  |9 265135 
583 |a last modification  |c 19980420 00:00:00  |k Rodrigo Vera 
999 |c 268456  |d 268454 
952 |0 0  |1 0  |4 0  |6 823_000000000000000_TAY_1994  |7 0  |8 A  |9 301616  |a BIBEDU  |b BIBEDU  |d 2019-11-20  |i 3410439  |l 4  |o 823 TAY 1994  |p 3410439  |r 2022-05-17  |s 2022-05-17  |w 2019-11-20  |y BK  |k LIT